Tierra blanca : (Registro nro. 47978)
[ vista simple ]
| 000 -CABECERA | |
|---|---|
| campo de control de longitud fija | 00996nam a2200205 a 4500 |
| 001 - NÚMERO DE CONTROL | |
| campo de control | 000048490 |
| 005 - FECHA Y HORA DE LA ÚLTIMA TRANSACCIÓN | |
| campo de control | 20201002061207.0 |
| 008 - DATOS DE LONGITUD FIJA--INFORMACIÓN GENERAL | |
| campo de control de longitud fija | 190325s2014 dr 000 p spa d |
| 020 ## - NÚMERO INTERNACIONAL ESTÁNDAR DEL LIBRO | |
| Número Internacional Estándar del Libro | 9789945588118 |
| 040 ## - FUENTE DE LA CATALOGACIÓN | |
| Centro catalogador/agencia de origen | DO-SdBNP |
| Lengua de catalogación | spa |
| Centro/agencia transcriptor | BNPHU |
| 082 ## - NÚMERO DE LA CLASIFICACIÓN DECIMAL DEWEY | |
| Número de clasificación | xxxx |
| Número de documento/Ítem | H557ti |
| 100 1# - ENTRADA PRINCIPAL--NOMBRE DE PERSONA | |
| Nombre de persona | Hernández Acosta, Ángel, |
| Fechas asociadas al nombre | 1922- |
| 9 (RLIN) | 29242 |
| 245 10 - MENCIÓN DE TÍTULO | |
| Título | Tierra blanca : |
| Resto del título | narraciones / |
| Mención de responsabilidad, etc. | Ángel Átila Hernández Acosta ; presentación Nouel Florián. |
| 260 ## - PUBLICACIÓN, DISTRIBUCIÓN, ETC. | |
| Lugar de publicación, distribución, etc. | Santo Domingo : |
| Nombre del editor, distribuidor, etc. | Ministerio de Cultura, |
| -- | Editora Nacional, |
| Fecha de publicación, distribución, etc. | 2014. |
| 300 ## - DESCRIPCIÓN FÍSICA | |
| Extensión | 85 p. ; |
| Dimensiones | 22 cm. |
| 500 ## - NOTA GENERAL | |
| Nota general | Incluye datos biográficos del autor en la contracubierta. |
| 590 ## - NOTA LOCAL (RLIN) | |
| Nota local | Inventariado, 2019/LP |
| 505 0# - NOTA DE CONTENIDO CON FORMATO | |
| Nota de contenido con formato | Presentación -- |
| Título | Hisstoria de un libro y una fundación: tierra blanca (narraciones) y la Fundación Tierra Blanca -- |
| -- | Cuento y poesía -- |
| -- | Cañamaca -- |
| -- | Tierra blanca -- |
| -- | Nube negra -- |
| -- | Rosenda -- |
| -- | Biografía de un recuerdo -- |
| -- | Vitia, "La dolorosa" -- |
| -- | La sonrisa -- |
| -- | El gallo-- |
| 700 1# - PUNTO DE ACCESO ADICIONAL--NOMBRE DE PERSONA | |
| Nombre de persona | Florián, Nouel, |
| Término indicativo de función/relación | prest. |
| 9 (RLIN) | 75914 |
| Estado de retiro | Estado de pérdida | No para préstamo | Código de colección | Localización permanente | Ubicación/localización actual | Ubicación en estantería | Fecha de adquisición | Número de inventario | Total de préstamos | Signatura topográfica completa | Código de barras | Fecha visto por última vez | Precio válido a partir de | Tipo de ítem Koha | Número de copia |
|---|---|---|---|---|---|---|---|---|---|---|---|---|---|---|---|
| Excluido de préstamo | Patrimonio Dominicano | Patrimonio Dominicano | Patrimonio Dominicano | Depósito | 25.03.2019 | LF1 | xxxx H557ti | 48490-10 | 25.06.2020 | 25.06.2020 | Libro y Folleto Colección Patrimonio Dominicano | ||||
| Excluido de préstamo | Patrimonio Dominicano | Patrimonio Dominicano | Patrimonio Dominicano | Depósito | 25.03.2019 | LF1 | xxxx H557ti | 48490-20 | 25.06.2020 | 25.06.2020 | Libro y Folleto Colección Patrimonio Dominicano | e. 2 |
